Statistics for Countries that Start with E - Shape Quiz

Click here to take the quiz!

General Stats

  • This quiz has been taken 931 times
    (396 since last reset)
  • The average score is 8 of 9

Answer Stats

Country % Correct
Egypt
99%
Eritrea
93%
Ethiopia
91%
Estonia
89%
Ecuador
88%
Equatorial Guinea
79%
East Timor
78%
El Salvador
72%
Eswatini
68%

Score Distribution

Percentile by Number Answered

Percent of People with Each Score

Your Score History

You have not taken this quiz since the last reset